000 00932nam a22002897a 4500
001 4503
003 FISKH
005 20240912114124.0
008 240912b cb ||||| |||| 00| 0 eng d
020 _a9781416968764
040 _aFISKH
_beng
_cFISKH
_dFISKH
050 _aPZ7.I355
082 _a108
100 _aInches, Alison
_eauthor
245 _aGiant Octopus to the Rescue /
_cadapted by Alison Inches : illustrated by Art Wawhinney
260 _aNew York :
_bSimon Spotlight ;
_c2009.
300 _a24 pages :
_bcolor illustrations ;
_c24 cm .
490 _aREAD-TO-READ
505 _aF
520 _a"Diego and Giant Octopus need your help to rescue sea animals from underwater volcanoes!"-- p. 4 of cover.
521 8 _a380
_bLexile estimate
521 8 _aF
_bRaz-Plus
650 _aocean
_vearly reader
700 _aMawhinney, Art
_eillustrator
942 _2ddc
_cBK
_n0
999 _c4503
_d4503